000 00741nam a2200205 4500
003 CO-ViMGA
020 _a9789586654036
040 _aCO-ViMGA
_bspa
_cCO-ViMGA
090 _aC GAL 1
100 1 _aGaleano, Eduardo,
_d1940-2015
_98342
245 1 0 _aEl cazador de historias /
_cEduardo Galeano
260 _aBogotá :
_bSiglo del Hombre Editores,
_c2016.
300 _a268 páginas
_bilustraciones en blanco y negros ;22 cm.
490 _aPlan Nacional de Lectura y Escritura Leer es mi cuento / Ministerio de cultura
650 1 4 _aCuentos uruguayos
_ySiglo XX
_98343
650 1 4 _aFantasía en la literatura
_94382
650 1 4 _aLiteratura uruguaya
_ySiglo XX
_98344
650 1 4 _aVida cotidiana en la literatura
_98345
942 _2ddc
_cBK
999 _c7613
_d7613